000 00571 a2200205 4500
001 63528
005 20260407155933.0
008 260407a1970 arg spa d
003 AR-UNSa-BCEJYS
040 _aAR-UNSa-BCEJYS
_bspa
_cAR-UNSa-BCEJYS
080 _a004:658
_xInformática en las organizaciones
245 1 0 _aInformación por computadoras
264 1 _aMéxico :
_bLimusa-Wiley
_c1970
300 _a190 p.
_c23 cm.
041 _aspa
942 _cBK
590 _aniveau_biblio:m niveau_hierar:0
100 1 _aSisson, Roger L.
700 1 _aCanning, Richard G.
999 _c8213
_d8213